000 01109cad a22002655a 4500
001 L144275
008 080708s2008 xxk f lf000 0 eng d
035 _a(Sirsi) u144275
041 0 _aeng
050 0 4 _a333.33 $2 18
110 2 _aUnited Kingdom
_bDepartment for Business, Enterprise and Regulatory Reform
_95262
245 0 4 _aThe Estate Agents (Redress Scheme) (Penalty Charge) Regulations 2008
_h[electronic resource]
260 _aLondon
_bOPSI
_c2008
520 _aSets the amount of a penalty charge specified in a notice given to a person under Section 23B(1) of the Estate Agents Act 1979 to £1000. Comes into force on 1 October 2008.
521 _aAdvanced
590 _aKA
650 2 4 _aTHE ESTATE AGENTS (REDRESS SCHEME) (PENALTY CHARGE) REGULATIONS 2008
650 2 4 _aCONSUMERS
650 2 4 _aESTATE AGENTS
650 2 4 _aESTATE AGENTS ACT 1979
651 4 _aEngland and Wales
_y1543-
690 _aPROPERTY-PROPERTY MANAGEMENT-MANAGING AGENTS
856 4 8 _uhttps://www.opsi.gov.uk/si/si2008/uksi_20081713_en_1
_zView the legislation free of charge at www.opsi.gov.uk
942 _n0
999 _c108432
_d108432